Crecimiento contra medio ambiente /
Guardado en:
| Autor Principal: | |
|---|---|
| Formato: | Libro |
| Idioma: | Spanish |
| Publicado: |
[España] :
RBA,
c2016.
|
| Series: | Los retos de la economía.
|
| Materias: | |
| Etiquetas: |
Agregar Etiqueta
Sin Etiquetas, Sea el primero en etiquetar este registro!
|
| LEADER | 00766nam a22002295a 4500 | ||
|---|---|---|---|
| 001 | EAD.ead004721 | ||
| 008 | 240610s2016####sp#a##########000#0#spa#d | ||
| 005 | 20240610125635.0 | ||
| 245 | 1 | 0 | |a Crecimiento contra medio ambiente / |c [Jordi Roca Jusmet]. |
| 260 | |a [España] : |b RBA, |c c2016. | ||
| 300 | |a 140 p. : |b il. ; |c 24 cm. | ||
| 490 | 1 | |a Los retos de la economía | |
| 500 | |a "Las idea clave de Malthus a Ostron"--Tapa. | ||
| 020 | |a 9788447386598 | ||
| 100 | 1 | |a Roca Jusmet, Jordi. | |
| 830 | 0 | |a Los retos de la economía. | |
| 082 | 0 | 4 | |a 333.7 |2 21 |
| 650 | 7 | |a Gestión ambiental. |2 unbist | |
| 650 | 7 | |a Economía ambiental. |2 unbist | |
| 650 | 7 | |a Ecología. |2 unbist | |
| 040 | |a AR-BaBDC |b spa |c AR-BaBDC | ||
| 859 | |a AR-BaBDC |b BIB. ADMINISTRACION - Libros |h 333.7 |i R58 |p b07396 | ||
